000 00293nam a2200121Ia 4500
008 240731s9999 xx 000 0 und d
022 _a2308-0477
245 0 _aSmart Science
260 _bTaylor & Francis
856 _uhttps://www.tandfonline.com/loi/tsma20
942 _2ddc
942 _cTFEJ
999 _c79408
_d79408
945 _a1
_bMadushi Gamage
_c1
_dMadushi Gamage